00500nam a22001697a 450000500170000000800410001702000180005804000210007604100080009708200170010510000340012224500720015625000120022826000340024030000100027465000460028420260515115111.0250902b |||||||| |||| 00| 0 eng d a9788198813183 aIN-DiNCcIN-DiNC dasm a301.072bBOR aBorah, Birinchi Kumareauthor aSamajtattwik anusandhan paddhati (Minor3)/cby Birinchi Kumar Borah a1st ed. aJorhat:bBidya bhawan,c2025. a200p. aMethods of sociological enquiry (Minor3)